| 000 | 01873nam0a2200397 4500 | ||
|---|---|---|---|
| 001 | RU\NLR\bibl\1356698 | ||
| 005 | 20260405180916.0 | ||
| 010 |
_a978-5-222-15012-2 _bв пер. _97000 |
||
| 021 |
_aRU _b2009-10872 _9639 |
||
| 035 | _a(nilc)RSL-KNO-004250692 | ||
| 035 | _a(NLR Aleph) 001348892 | ||
| 090 |
_a908058 _c908058 |
||
| 100 | _a20090302d2009 |||y0rusy50 ca | ||
| 101 | 0 | _arus | |
| 102 | _aRU | ||
| 105 | _ay zzzz||||| | ||
| 200 | 1 |
_aСоветы гинеколога _e[заболевания, воспаления, нарушения, бесплодный брак и репродуктивные технологии, современные методы контрацепции] _fВ. П. Мицьо, А. В. Кудрявцева |
|
| 205 | _aИзд. 8-е | ||
| 210 |
_aРостов-на-Дону _cФеникс _d2009 |
||
| 215 |
_a248, [4] л. _d21 |
||
| 225 | 1 | _aСерия "Здоровье нации" | |
| 300 | _aНа обл. авт. не указаны | ||
| 320 | _aБиблиогр.: с. 250 (14 назв.) | ||
| 606 | 1 |
_aГинекологические болезни _jПопулярные издания _9968770 _3RU\NLR\auth\6644136 |
|
| 606 | 1 |
_aАкушерство _jПопулярные издания _9906825 _3RU\NLR\auth\6610757 |
|
| 610 | 0 | _aЗдравоохранение. Медицинские науки -- Гинекология -- Популярные издания | |
| 686 |
_aР71я9 _2rubbk |
||
| 686 | _aР71я9 | ||
| 686 | _aР714.61я9 | ||
| 700 | 1 |
_aМицьо _bВ. П. _gВиктор Петрович _4070 |
|
| 701 | 1 |
_4070 _8rus _7ca _aКудрявцева _bА. В. _cакушер-гинеколог _gАлевтина Викторовна _3RU\NLR\auth\7777804 _960732 |
|
| 801 | 0 |
_aRU _bРКП _c20090302 _grcr |
|
| 801 | 1 |
_aRU _bРГБ _c20090302 |
|
| 801 | 2 |
_aRU _bNLR _c20090414 _grcr |
|
| 942 | _cBOOK | ||
| 980 | _aNB | ||